Countries...By Their Flag Maps 3 - Statistics

General Stats
  • This quiz has been taken 27 times
  • The average score is 26 of 28
Answer Stats
Picture Answer % Correct
Albania
100%
Belgium
100%
Denmark
100%
Estonia
100%
Ireland
100%
Latvia
100%
Netherlands
100%
North Macedonia
100%
Turkey
100%
Bosnia and Herzegovina
95%
China
95%
Croatia
95%
Cyprus
95%
India
95%
Malta
95%
Monaco
95%
Slovakia
95%
Slovenia
95%
Vatican City
95%
Liechtenstein
90%
Luxembourg
90%
Montenegro
90%
San Marino
90%
Switzerland
90%
Andorra
85%
Kosovo
85%
Lithuania
85%
Moldova
80%
No matching quizzes found
Score Distribution
Percent of People with Each Score
Percentile by Number Answered
Your Score History
You have not taken this quiz